书目信息 |
| 题名: |
数理逻辑入门
|
|
| 作者: | 李锡胤 编译 | |
| 分册: | ||
| 出版信息: | 北京 知识出版社 1984 |
|
| 页数: | 155页 | |
| 开本: | 19cm | |
| 丛书名: | ||
| 单 册: | ||
| 中图分类: | O141 , O14 | |
| 科图分类: | ||
| 主题词: | 数理逻辑 , 数理逻辑 , 数学基础 | |
| 电子资源: | ||
| ISBN: | ||
| 000 | 00675nam0 2200277 45 | |
| 001 | 0184002076 | |
| 005 | 20040707102044.4 | |
| 010 | @dCNY0.43 | |
| 091 | @a2214.6 | |
| 100 | @a19950706d1984 em y0chiy0121 ea | |
| 101 | 1 | @achi |
| 102 | @aCN@b110000 | |
| 105 | @ay z 000yy | |
| 106 | @ar | |
| 200 | 10 | @a数理逻辑入门@Ashu li luo ji ru men@f李锡胤编译 |
| 210 | @a北京@c知识出版社@d1984 | |
| 215 | @a155页@d19cm | |
| 606 | @a数理逻辑 | |
| 606 | 0 | @a数理逻辑 |
| 606 | 0 | @a数学基础 |
| 690 | @aO141@v3 | |
| 690 | @aO14@v3 | |
| 701 | 0 | @a李锡胤@Ali xi yin@4编译 |
| 801 | 0 | @aCN@b上海图书馆@c20040512 |
| 801 | 2 | @aCN@bNLC@c20040512 |
| 905 | @dO14@e23@b111120@f1 | |
| 数理逻辑入门/李锡胤编译.-北京:知识出版社,1984 |
| 155页;19cm |
| ISBN :CNY0.43 |
| ● |
| 相关链接 |
|
|
|
|
正题名:数理逻辑入门
索取号:O14/23
 
预约/预借
| 序号 | 登录号 | 条形码 | 馆藏地/架位号 | 状态 | 备注 |
| 1 | 0111120 | 001953416 | 第三借阅区/ [索取号:O14/23] | 在馆 | |
| 2 | 0111121 | 000409249 | 第三借阅区/ [索取号:O14/23] | 在馆 | |
| 3 | 0111122 | 000409258 | 第二样本阅览室/ [索取号:O14/23] | 在馆 |